| 000 | 01069cam a2200313 4500 | ||
|---|---|---|---|
| 008 | 090401t1990 xxu||||| |||| 00| 0 eng d | ||
| 020 | _a0854064699 | ||
| 035 | _a(Sirsi) u51536 | ||
| 041 | _aeng | ||
| 050 | _a630.026 | ||
| 090 | _a630.026 | ||
| 090 | _aRICS 1990/36ABCD | ||
| 110 |
_aRoyal Institution of Chartered Surveyors _94900 |
||
| 245 | _aGuidance notes on short term agricultural lettings and licences under sections 2(1) and 5(2) of the Agricultural Holdings Act 1986 | ||
| 260 |
_aLondon _bRoyal Institution of Chartered Surveyors _c1990 |
||
| 300 | _a18p. ; 30cm. | ||
| 350 | _a5 | ||
| 520 | _aWITHDRAWN FROM PUBLICATION 1996. RICS Rural Practice Division | ||
| 650 | _aAGRICULTURAL HOLDINGS ACT 1986 | ||
| 650 | _aAGRICULTURAL LICENCES | ||
| 650 | _aPROPERTY-LANDLORD AND TENANT-TENANCIES-AGRICULTURAL TENANCIES | ||
| 650 | _aGUIDANCE NOTES | ||
| 650 | _aRICS | ||
| 650 | _aRURAL PRACTICE DIVISION | ||
| 650 | _aSHORT-TERM LETTINGS | ||
| 710 | _aCentral Association of Agricultural Valuers | ||
| 942 | _n0 | ||
| 948 | _c04/03/1997 | ||
| 999 |
_c92913 _d92913 |
||